Изгубените градове и древните загадки на Африка и Арабия (Запис номер 111390)
[ съкратено ]
| 000 -Лидер | |
|---|---|
| Контролно поле с фиксирана дължина | 02653nam a2200457 c 4500 |
| 003 - Код на организацията, давaща контролен номер | |
| Контролно поле | BLK |
| 005 - Дата и час на последна редакция | |
| Контролно поле | 20250508133100.0 |
| 008 - Елементи от данни с фиксирана дължина | |
| fixed length control field | 180409b bul|||||r ||||||| ||bul|| |
| 010 ## - Наследен системен номер | |
| LC control number | KNG00116731000 |
| 040 ## - Източник на каталожния запис | |
| Идентификатор на билиотеката - собственик на записа | BLK |
| 041 ## - Код за език | |
| Код за езика на текст/звукозапис или на отделно заглавие | Български |
| Код за езика КДБФ | Български |
| 080 ## - УДК | |
| Текстов определител УДК | Паметници на културата на историческите периоди. Археологическите паметници. Старини |
| УДК код - определител по УДК | 904 |
| УДК определител | (6+53)(0:82-992) |
| УДК - код + определител | 904(6+53)(0:82-992) |
| 080 ## - УДК | |
| Текстов определител УДК | Разпространяване на научните знания - популяризиране на науката, занимателна наука, учение за явленията научно необяснени, заблуждения и фалшификации, илюзии и др. п., секретност на научните знания |
| УДК код - определител по УДК | 001.9 |
| УДК определител | (0:82-992) |
| УДК - код + определител | 001.9(0:82-992) |
| 080 ## - УДК | |
| Текстов определител УДК | История на цивилизацията. История на културата |
| УДК код - определител по УДК | 930.85 |
| УДК определител | |
| УДК - код + определител | 930.85 |
| 100 1# - Редна дума - Автор | |
| Автор | Чайлдрес, Дейвид Хатчър |
| Авторска отговорност | първи автор |
| R(LIN) | 371311 |
| 139 ## - Редно поле | |
| Редна дума | Чайлдрес, Дейвид Хатчър |
| Авторски знак | Чаиков - Ч 16 |
| 245 10 - Сведения за заглавието | |
| Заглавие | Изгубените градове и древните загадки на Африка и Арабия |
| Подзаглавни данни | Пътеводител на учения авантюрист |
| Редно поле (дума) | Дейвид Хатчър Чайлдрес; прев. Венцислав Божидаров Божилов. |
| 257 ## - Страна на издаване | |
| Страна на създаване/издаване | Съединени американски щати |
| 260 ## - Област на издателските данни | |
| -- | София |
| Име на издателя, разпространителя и проч. | Бард |
| Година на издаване | 2004 |
| 300 ## - Физическа характеристика | |
| Страници | 576 с. |
| Илюстрации и др. | с ил., к. |
| Размери/Мащаб | 21 см |
| 380 ## - Жанр | |
| Жанр | История |
| 490 1# - СЕРИИ (Колекции) | |
| Име на серия | Поредица Загадки и мистерии |
| 490 1# - СЕРИИ (Колекции) | |
| -- | Подсерия |
| Име на серия | Серия Изгубени градове |
| 500 ## - Общи забележки | |
| Забележка | Ориг. загл. Lost cities ancientof Africa Arabia / David Hatcher Childress. - Библиогр. с. 569-573 |
| 504 ## - Забележка за наличие на библиография и др | |
| Забележка за наличие на библиография и под. | 569-573 |
| 650 #4 - Допълнително описание по предмет – тема | |
| Основно описание – тема или топоним | Археологически паметници |
| 9 (RLIN) | 243363 |
| 650 #4 - Допълнително описание по предмет – тема | |
| Основно описание – тема или топоним | Извънземни цивилизации |
| 9 (RLIN) | 242018 |
| 650 #4 - Допълнително описание по предмет – тема | |
| Основно описание – тема или топоним | Цивилизации, древни |
| 9 (RLIN) | 280385 |
| 653 ## - Ключова дума – ненормативна | |
| Ключова дума | древен свят |
| 653 ## - Ключова дума – ненормативна | |
| Ключова дума | древни цивилизации |
| 653 ## - Ключова дума – ненормативна | |
| Ключова дума | Африка |
| 653 ## - Ключова дума – ненормативна | |
| Ключова дума | арабска история |
| 653 ## - Ключова дума – ненормативна | |
| Ключова дума | извънземни цивилизации |
| 700 ## - Други автори (авторска отговорност) | |
| Лично име | Божилов, Венцислав Божидаров |
| Звания и думи, свързани с автора | Теодосиев, Стефан, 1968- (псевдоним) |
| Дати, свързани с автора | 1968- |
| 9 (RLIN) | 367877 |
| 852 ## - Местоположение | |
| Форматна сигнатура | Цб 222075 |
| 856 4# - Електронен адрес и достъп | |
| Електронен формат | pdf - файл |
| Път до файла /url/ | |
| 856 4# - Електронен адрес и достъп | |
| Електронен формат | pdf - файл |
| Път до файла /url/ | |
| 942 ## - АРТИКУЛИ | |
| Вид на библиотечния материал | Книги |
| Скрит в OPAC | Не |
| Koha issues (borrowed), all copies | 4 |
| 944 ## - СЪЗДАВАНЕ И РЕДАКЦИЯ на ЗАПИСА | |
| Създаване/Редакция | Създаване |
| Дата на регистрацията/редакция | 23.12.2004 |
| Служител, извършил регистрацията/редакцията | 30542 |
| Статус, дата на статуса | Русанова Ирена |
| 944 ## - СЪЗДАВАНЕ И РЕДАКЦИЯ на ЗАПИСА | |
| Създаване/Редакция | Редакция |
| Дата на регистрацията/редакция | 21.06.2013 |
| Служител, извършил регистрацията/редакцията | |
| 999 ## - СИСТЕМНИ КОНТРОЛНИ НОМЕРА | |
| Koha biblionumber | 111390 |
| Koha biblioitemnumber | 111390 |
| Код за отписване | Код за изгубен артикул | Източник на класификационната схема | Код за повреда | Коз за рестрикции | Код за отдаване | Артикулен № | Име на библиотеката - собственик | Име на библиотеката, в която се намира в момента | Статус (Текущо местоположение) | Дата на вписване в системата | Местоположение - отдел | Цена в лева | Инвентарен номер | Систематично азбучна сигнатура | Баркод | Номер на екземпляра | Цена в евро | Служебна бележка | Служебен тип на артикула |
|---|---|---|---|---|---|---|---|---|---|---|---|---|---|---|---|---|---|---|---|
| Не е изгубен | Universal Decimal Classification | Не е повреден | без рестрикции | заемане за дома | 178842 | Регионална библиотека "Любен Каравелов" Русе | Регионална библиотека "Любен Каравелов" Русе | Дубликат | 2004-12-23 | Заемна - подръчен фонд | 11.99 | 120000690802 | П 904/Ч 16 | 120000690802 | 1 | 6.13 | Дост: Pk Вид: Ф N: 35 Дата: 17.12.2004 Дата инв: 07.02.2018 Бележки инв: П2018 | Книги | |
| Не е изгубен | Не е повреден | без рестрикции | ползва се в читалня | 178843 | Регионална библиотека "Любен Каравелов" Русе | Регионална библиотека "Любен Каравелов" Русе | Хранилище | 2006-06-20 | Хранилище | 11.99 | 120000703167 | Цб 222075 | 120000703167 | 2 | 6.13 | Дост: Dp Вид: Д N: 24 Дата: 01.06.2005 | Книги | ||
| Не е изгубен | Не е повреден | без рестрикции | заемане за дома | 178844 | Регионална библиотека "Любен Каравелов" Русе | Регионална библиотека "Любен Каравелов" Русе | Заемна - подръчен фонд | 2013-04-05 | Заемна - подръчен фонд | 11.99 | 120000765570 | П 904/Ч 16 | 120000765570 | 3 | 6.13 | Дост: DA Вид: А N: 4 Дата: 05.04.2013 Дата инв: 07.02.2018 Бележки инв: П2018 | Книги |